Lyrics raten #26 - Statistiken

Allgemein
  • Dieses Quiz wurde 121 mal gespielt
  • Das Durchschnittsergebnis liegt bei 63 aus 481
Antwortstatistiken
Antwort % Korrekt
Ich
97%
ich
97%
Du
96%
du
96%
S
93%
si
86%
es
77%
Wir
75%
Das
74%
das
74%
die
73%
der
72%
und
63%
Und
63%
wie
58%
Wie
58%
ist
56%
den
52%
ein
50%
in
49%
In
49%
mein
49%
Sin
46%
für
45%
im
44%
Im
44%
so
44%
so,
44%
was
44%
an,
42%
am
38%
ab
37%
mich
37%
auf
35%
meinen
32%
mit
31%
Mit
31%
als
30%
Oder
28%
oder
28%
mach
25%
Mach
25%
von
25%
Alles
24%
meinem
24%
zum
24%
nach
21%
aus,
18%
aus
18%
Aus
18%
leben
18%
Leben
18%
mal
18%
jetzt
17%
Nacht
16%
vor
16%
wieder
15%
Ey,
14%
ihm
14%
Sag
14%
schon
14%
macht
13%
Tag
13%
muss
12%
weiss
11%
gib
10%
komme
10%
Arsch,
9%
Kokain
8%
seinem
8%
wird
8%
Bruder
7%
Ganz
7%
nachts
7%
trink
7%
diesem
6%
jung
6%
kommt
6%
Kopf
6%
sagt,
6%
Schlampe,
6%
wart
6%
allein
5%
E.T
5%
nem
5%
Beat
4%
fickt
4%
guten
4%
lieg
4%
OF
4%
4
3%
8
3%
back
3%
dank
3%
H-A-F-T,
3%
schönen
3%
schwarz
3%
Spass,
3%
Strand
3%
Weed
3%
Cash,
2%
easy
2%
easy,
2%
Easy,
2%
Easy
2%
einfach
2%
Essen
2%
Frisbee
2%
Fun
2%
Haftbefehl
2%
H-A-F-T-I,
2%
kiff,
2%
leicht,
2%
locker
2%
Locker
2%
locker,
2%
Motherfuck,
2%
Papa
2%
Vodka
2%
Woche
2%
Azzlack
1%
Azzlack,
1%
Block
1%
Charts,
1%
dealen
1%
Deutschland
1%
Deutschland,
1%
drück
1%
fliegt,
1%
Flus
1%
Junkies
1%
Kam
1%
kennst
1%
King
1%
Lamborghini,
1%
leck
1%
Namen
1%
Platz
1%
Porsche
1%
Rest
1%
Riesen
1%
Staat,
1%
sterben
1%
Superstar
1%
4-3.
0%
A-B-D-I
0%
Ab-D-I
0%
Amigo
0%
Artet
0%
Artist
0%
Azzlacks
0%
Baida
0%
Banken
0%
Bares
0%
Benim
0%
besorg
0%
blind
0%
Blockplatin
0%
Blunt
0%
bombt
0%
busy
0%
C-A-P-O
0%
Capo,
0%
Celo
0%
Chiquitas
0%
City
0%
City,
0%
Crack,
0%
Cro
0%
DaVinci
0%
Debüt
0%
deutsche
0%
Dope
0%
Eova,
0%
exquisit,
0%
Fantasie
0%
feeling
0%
Fouad,
0%
Gangster
0%
gesagt
0%
Gras-Piece-Jibbit
0%
G-Shit,
0%
Gysi
0%
hat's
0%
Hip-Hop
0%
Houdini,
0%
Ibiza
0%
Imperial,
0%
Innenstadt
0%
Jack
0%
Jamaica
0%
Kanackis
0%
Karibik
0%
Khfifa,
0%
Kilo
0%
Kirdi
0%
Klartext
0%
Kredit,
0%
Land
0%
Leasing
0%
Leonardo
0%
Libi,
0%
Lights
0%
linker
0%
Markt,
0%
Markt.
0%
Marokko
0%
Mimit,
0%
Mohammed
0%
Mr. Diddy
0%
MyZeil
0%
nice
0%
Nisi
0%
Northern
0%
NYC,
0%
Offenbach,
0%
Okocha,
0%
Original
0%
Panamera
0%
Papyri
0%
Paris
0%
Park
0%
Peazy
0%
Pirat
0%
Projektil
0%
Psyko
0%
qui-qui
0%
raub
0%
Repeat
0%
Risikobereitschaft
0%
Roma
0%
Russenpromis
0%
Scene,
0%
schiesst
0%
Sinthi
0%
slow
0%
smoke
0%
Sparrow,
0%
Spielberg
0%
Spliffs,
0%
stabil
0%
steigt
0%
Stereotyp,
0%
Stevie
0%
Stil
0%
Strassenrap
0%
Street
0%
Süd,
0%
Summer
0%
Syndikat,
0%
Therapie
0%
tilhas
0%
Tirki,
0%
tisi
0%
Tonne,
0%
Treff
0%
Trickbetrug,
0%
Tschüss,
0%
Usher
0%
verkauf
0%
Veysel
0%
vorgefahren
0%
Walid
0%
Wonder,
0%
Wonder.
0%
Keine übereinstimmenden Quizze gefunden
Verteilung der Resultate
Anzahl Personen mit jedem Resultat
Perzentil nach korrekt beantworteten Fragen
Ihre Resultats-Entwicklung
Sie haben dieses Quiz noch nicht gespielt